000 00472cam a22001934a 4500
005 20250605164154.0
008 250528s ||||||||||||||||||||||||d
035 _a19532
020 _a013488941X
040 _aGR-AtMCL
_bgre
_dGR-AtMCL
_eAACR2
245 1 _aINTRODUCTION TO SYSTEMS ANALYSIS AND DESIGN
250 _a2
260 _bPrentice Hall,
_c1991
300 _a385
700 1 _aHawryszkiewycz I.T
_9756
942 _cBK
999 _c4788
_d4788